000 00212nam a22000857a 4500
999 _c6932
_d6932
008 170620b xxu||||| |||| 00| 0 eng d
020 _a978812374936
100 _93548
_aJoshi. P. C
245 _aRebellion 1857
260 _aNew Delhi
_bN. B. T
_c2007